PHARMACEUTICAL ORGANIC CHEMISTRY- I (Record no. 34464)

MARC details
000 -LEADER
fixed length control field 00300nam a22001337a 4500
003 - CONTROL NUMBER IDENTIFIER
control field SGT
020 ## - INTERNATIONAL STANDARD BOOK NUMBER
International Standard Book Number 97815433442741
082 ## - DEWEY DECIMAL CLASSIFICATION NUMBER
Classification number 615.19
Item number ARO
100 ## - MAIN ENTRY--PERSONAL NAME
Personal name ARORA VARUN
245 ## - TITLE STATEMENT
Title PHARMACEUTICAL ORGANIC CHEMISTRY- I
260 ## - PUBLICATION, DISTRIBUTION, ETC. (IMPRINT)
Place of publication, distribution, etc INDIA
Name of publisher, distributor, etc PEE VEE PUB
Year of Publication 2023
300 ## - PAGE DESCRIPTION
No. of Pages 396
942 ## - ADDED ENTRY ELEMENTS (KOHA)
Source of classification or shelving scheme Dewey Decimal Classification
Koha item type Books
Holdings
Withdrawn status Lost status Source of classification or shelving scheme Damaged status Not for loan Collection code Home library Current library Shelving location Date acquired Vendor Name Cost, normal purchase price SGTU Bill Number Total Checkouts Full call number Accession No. (Barcode) Date last seen Date last borrowed Bill Date Koha item type
    Dewey Decimal Classification     SCIENCE SGT Science & Social Sciences Library SGT Science & Social Sciences Library Text Book 26/03/2026 ABC 495.00 SGTU 22597 1 615.19 ARO DP1970 12/05/2026 21/04/2026 09/03/2026 Books
    Dewey Decimal Classification     SCIENCE SGT Science & Social Sciences Library SGT Science & Social Sciences Library Text Book 26/03/2026 ABC 495.00 SGTU 22597   615.19 ARO DP1971 26/03/2026   09/03/2026 Books